| 000 | 02144cam a2200241 4500 | ||
|---|---|---|---|
| 001 | L137987 | ||
| 008 | 070221s2007 d s 000 0 eng u | ||
| 035 | _a(Sirsi) u137987 | ||
| 041 | 0 | _aeng | |
| 050 | 0 | 4 | _a332.6324 $2 18 |
| 110 | 2 |
_aParagon Mortgages _94976 |
|
| 245 | 0 | 0 |
_aParagon Mortgages buy-to-let index _bMarch 2007 _h[electronic resource] |
| 260 |
_aSolihull _bParagon Mortgages _c2007 |
||
| 490 | 0 |
_aParagon Mortgages Buy-to-Let Index _vMarch 2007 |
|
| 505 | 2 | _aHighlights -- Averages -- Rental yield average for England and Wales -- Property value and rental income average for England and Wales -- Landlord property value, rental value, yield and percentage change by region -- Landlord property yields by region -- Landlord property values by region -- Landlord rental incomes by region -- Landlord property value, rental value, yield and percentage change by property type. | |
| 520 | _aTotal returns at their highest level since November - up 2% in February to 10%. Regions achieving the highest total returns in February were the North (25.0%), East Anglia (22.1%) and Wales (19.1%). Yields rose to their highest level in six months, increasing from 6.0% to 6.1%. In February the top performing regions in terms of yields were Yorkshire (6.7%), Wales (6.7%) and the South West (6.5%). Rental incomes were also on the rise, increasing 3.9% between January and February. Average rents now stand at £10 334 per annum. Regions achieving the highest rents are London (£17 869), the South West (£12 263) and the South East (£10 824). Property values have continued to rise, from £165 141 in January, to £169 167 in February. Average annual capital gain stands at 3.5%. Regions with the highest annual house price increase are the North (18.6%), East Anglia (16.1%) and Wales (11.4%). | ||
| 590 | _aKA | ||
| 650 | 2 | 4 | _aPARAGON MORTGAGES BUY-TO-LET INDEX |
| 651 | 4 |
_aEngland and Wales _y1543- |
|
| 690 | _aPROPERTY-RESIDENTIAL PROPERTY-RESIDENTIAL PROPERTY MARKET | ||
| 856 | 4 | 0 |
_uhttps://www.paragon-mortgages.co.uk/mortgagehome.nsf/BTLIndex _zView the index free of charge at www.paragon-mortages.co.uk... |
| 942 | _n0 | ||
| 999 |
_c106963 _d106963 |
||